00278nam a2200097Ia 4500008004100000020002900041100001400070245007600084250001100160260000900171180129s9999||||xx |||||||||||||| ||und|| cNT480a978-986-320-806-8 a齊若蘭 0c齊若蘭a創新者們:掀起數位革命的天才、怪傑和駭客 a一版 c2015